<?xml version="1.0" encoding="UTF-8"?>
<record
    xmlns:xsi="http://www.w3.org/2001/XMLSchema-instance"
    xsi:schemaLocation="http://www.loc.gov/MARC21/slim http://www.loc.gov/standards/marcxml/schema/MARC21slim.xsd"
    xmlns="http://www.loc.gov/MARC21/slim">

  <leader>00541cam a2200181 a 4500</leader>
  <controlfield tag="008">041028s1993    txu      i      1 00eng d</controlfield>
  <datafield tag="035" ind1=" " ind2=" ">
    <subfield code="a">(MSEA old Access rec no.)11618</subfield>
  </datafield>
  <datafield tag="035" ind1=" " ind2=" ">
    <subfield code="a">(MSEA old Access item no.)C01057</subfield>
  </datafield>
  <datafield tag="040" ind1=" " ind2=" ">
    <subfield code="a">DTL</subfield>
    <subfield code="d">DTL</subfield>
  </datafield>
  <datafield tag="082" ind1="0" ind2="4">
    <subfield code="a">225</subfield>
  </datafield>
  <datafield tag="100" ind1="1" ind2=" ">
    <subfield code="a">Deibler, Ellis.</subfield>
  </datafield>
  <datafield tag="245" ind1="0" ind2="0">
    <subfield code="a">An index of implicit information in the Gospels /</subfield>
    <subfield code="c">Ellis Deibler..</subfield>
  </datafield>
  <datafield tag="250" ind1=" " ind2=" ">
    <subfield code="a">preliminary ed.</subfield>
  </datafield>
  <datafield tag="260" ind1=" " ind2=" ">
    <subfield code="a">Dallas, Tex.: </subfield>
    <subfield code="b">s.n., </subfield>
    <subfield code="c">1993</subfield>
  </datafield>
  <datafield tag="300" ind1=" " ind2=" ">
    <subfield code="a">87 p.</subfield>
  </datafield>
  <datafield tag="630" ind1="0" ind2="0">
    <subfield code="2">Library of Congress</subfield>
    <subfield code="a">Bible.</subfield>
    <subfield code="n">N.T.</subfield>
    <subfield code="x">Indexes.</subfield>
  </datafield>
  <datafield tag="942" ind1=" " ind2=" ">
    <subfield code="n">0</subfield>
  </datafield>
  <datafield tag="999" ind1=" " ind2=" ">
    <subfield code="c">63986</subfield>
    <subfield code="d">63960</subfield>
  </datafield>
</record>
